000 01064nam a2200253M 4500
001 pdrfamilyguide00sift
003 CaSfIA
005 20210118205500.0
007 cr||||
008 931021s1993 xx 000 0 eng d
040 _aW6R
_cW6R
_dCaSfIA
020 _a1563630206
020 _a9781563630200
035 _a(OCoLC)506094502
100 1 _aSifton, David W.
245 1 4 _aThe PDR family guide.
_h[electronic resource]
260 _bMedical Economics Data,
_c1993.
300 _a930 p.
856 4 1 _uhttp://www.archive.org/details/pdrfamilyguide00sift
_zFree eBook from the Internet Archive
856 4 2 _uhttp://www.openlibrary.org/books/OL24381469M
_zAdditional information and access via Open Library
942 _cEB
506 _fНеобхідна авторизація на https://archive.org/ (створення облікового запису безкоштовно)
506 _fНеобхідна авторизація на https://openlibrary.org/ (створення облікового запису безкоштовно)
999 _c535405
_d535405